| 000 | 00664nam a22002057a 4500 | ||
|---|---|---|---|
| 003 | NUST-PNEC | ||
| 005 | 20170114142540.0 | ||
| 008 | 140512b xxu||||| |||| 00| 0 eng d | ||
| 020 | _a8126521511 | ||
| 040 | _cPNEC | ||
| 082 | _a621.382 HAY | ||
| 100 |
_9115 _aHaykin, Simon |
||
| 245 |
_aCommunication systems _cSimon Haykin |
||
| 250 | _a5th ed. | ||
| 260 |
_aNew Dehli _bJohn Wiley & Sons _cc.2010 |
||
| 300 |
_ax, 422 p. : _bill. : _c24 cm. |
||
| 500 | _aInclude Index http://www.amazon.com/Communication-Systems-5Th-Ed-Isv/dp/8126521511/ref=sr_1_1?s=books&ie=UTF8&qid=1399891384&sr=1-1&keywords=9788126521517 | ||
| 650 | _xMIS, MS COMM | ||
| 942 |
_2ddc _cBK |
||
| 999 |
_c60126 _d60126 |
||